| 000 | 00699nam a2200217 a 4500 | ||
|---|---|---|---|
| 999 |
_c12649 _d12649 |
||
| 001 | 12649 | ||
| 003 | BD-JhCC | ||
| 005 | 20221026085138.0 | ||
| 008 | 221026s2020 bg |||| |||| 000 0 ban d | ||
| 035 | _a(BD-JhCC)12649 | ||
| 040 |
_aBD-JhCC _dBD-JhCC |
||
| 041 | _aBangla | ||
| 082 |
_a297 _bABU 2020 |
||
| 100 | _aআবু আনাস | ||
| 245 |
_aমিস্টিরিয়াস মুসা / _cআবু আনাস |
||
| 260 |
_aঢাকা : _bআমুদ প্রকাশনী, _c২০২০ |
||
| 300 |
_a১৯০ পৃ. : _c২১ সেমি. |
||
| 490 | _aআবু আনাসের মুসা সিরিজ-১ | ||
| 650 | _aIslamic Story | ||
| 942 |
_2ddc _cBK |
||